| 000 | 00687cam a22002294a 4500 | ||
|---|---|---|---|
| 001 | 12227279 | ||
| 005 | 20180307092252.0 | ||
| 008 | 001109s2001 inua 001 0 eng | ||
| 010 | _a 00110885 | ||
| 020 | _a0735710899 (pbk.) | ||
| 040 |
_aDLC _cDLC _dDLC |
||
| 041 | _aeng | ||
| 042 | _apcc | ||
| 080 | _a05.276 wes | ||
| 082 | 0 | 0 |
_a05.276 wes _221 |
| 100 | 1 | _a30 | |
| 101 | _ashk | ||
| 245 | 1 | 0 |
_aXML, XSLT, Java, and JSP : _cWesty Rockwell. |
| 906 |
_a7 _bcbc _corignew _d2 _eepcn _f20 _gy-gencatlg |
||
| 942 |
_2ddc _cBK |
||
| 999 |
_c44345 _d44345 |
||